Innovation - oder: "Der Elan zur Verbesserung der Dinge".

Analýza pojmu inovácia. Vznik inovácií v podmienkach krízy. Inovácie v socio-kultúrnom rozvoji. Potreba inovácií v etike, zodpovednosti ako protipólu technologických inovácií. Motivácia k inovácii. Za a proti inovačné trendy z hľadiska psychologickej klímy. Verejnosť a jej vzťahy k inováciám. Trh a...

Descrizione completa

Salvato in:
Dettagli Bibliografici
Autore principale: Lakaschus, C.
Natura: Capitolo di libro
Lingua:tedesco
Soggetti:
Tags: Aggiungi Tag
Nessun Tag, puoi essere il primo ad aggiungerne!!

MARC

LEADER 00000naa a2200000 4500
001 r012472
005 20220826094758.2
041 0 |a ger 
044 |a DE 
245 1 0 |a Innovation - oder: "Der Elan zur Verbesserung der Dinge".  |c C. Lakaschus 
520 |a Analýza pojmu inovácia. Vznik inovácií v podmienkach krízy. Inovácie v socio-kultúrnom rozvoji. Potreba inovácií v etike, zodpovednosti ako protipólu technologických inovácií. Motivácia k inovácii. Za a proti inovačné trendy z hľadiska psychologickej klímy. Verejnosť a jej vzťahy k inováciám. Trh a spotrebiteľ vo vzťahu k inováciám. Konkurencia a inovácie. 
610 2 0 |a inovácia 
610 2 0 |a etika 
610 2 0 |a kultúra 
610 2 0 |a technológie nové 
610 2 0 |a psychológia 
610 2 0 |a trh 
610 2 0 |a spotrebitelia 
610 2 0 |a konkurencia 
100 1 |a Lakaschus, C.